Nerds on Wall Street (E Book) (Record no. 211181)

000 -LEADER
fixed length control field 03058 a2200337 4500
003 - CONTROL NUMBER IDENTIFIER
control field Nust
005 - DATE AND TIME OF LATEST TRANSACTION
control field 20170207165240.0
020 ## - INTERNATIONAL STANDARD BOOK NUMBER
International Standard Book Number 9780470500538
020 ## - INTERNATIONAL STANDARD BOOK NUMBER
International Standard Book Number 9780470500538
035 ## - SYSTEM CONTROL NUMBER
System control number (AU-PeEL)EBL468809
035 ## - SYSTEM CONTROL NUMBER
System control number (EBZ)ebs598488e
035 ## - SYSTEM CONTROL NUMBER
System control number (OCoLC)430985026
035 ## - SYSTEM CONTROL NUMBER
System control number (WaSeSS)ssj0000209305
040 ## - CATALOGING SOURCE
Transcribing agency Nust
082 00 - DEWEY DECIMAL CLASSIFICATION NUMBER
Classification number 332.64/273
100 1# - MAIN ENTRY--PERSONAL NAME
Personal name Leinweber, David J.
245 10 - TITLE STATEMENT
Title Nerds on Wall Street (E Book)
Medium [Elektronisk resurs] :
Remainder of title Math, Machines and Wired Markets.
260 ## - PUBLICATION, DISTRIBUTION, ETC.
Place of publication, distribution, etc. Hoboken :
Name of publisher, distributor, etc. John Wiley & Sons, Inc.,
Date of publication, distribution, etc. 2009.
300 ## - PHYSICAL DESCRIPTION
Extent 1 online resource (402 p.)
500 ## - GENERAL NOTE
General note Description based upon print version of record.
505 0# - FORMATTED CONTENTS NOTE
Formatted contents note Chapter 7: A Little AI Goes a Long Way on Wall StreetChapter 8: Perils and Promise of Evolutionary Computation on Wall Street; Chapter 9: The Text Frontier; Chapter 10: Collective Intelligence, Social Media, and Web Market Monitors; Chapter 11: Three Hundred Years of Stock Market Manipulations; Part Four: Nerds Gone Wild; Chapter 12: Shooting the Moon; Chapter 13: Structural Ideas for the Economic Rescue; Chapter 14: Nerds Gone Green; Index; About the Web Site;
505 0# - FORMATTED CONTENTS NOTE
Formatted contents note Nerds on Wall Street: Math, Machines and Wired Markets; Contents; Foreword; Acknowledgments; Introduction; No Hedge Fund in My Tree House; A Concept Map of the Book; Flat Is the New Up; Tag Clouds; Web Site; Notes; Part One: Wired Markets; Chapter 1: An Illustrated History of Wired Markets; Chapter 2: Greatest Hits of Computation in Finance; Chapter 3: Algorithm Wars; Part Two: Alpha as Life; Chapter 4: Where Does Alpha Come From?; Chapter 5: A Gentle Introduction to Computerized Investing; Chapter 6: Stupid Data Miner Tricks; Part Three: Artificial Intelligence and Intelligence Amplification
520 ## - SUMMARY, ETC.
Summary, etc. An intriguing look at how technology is changing financial markets, from an innovator on the frontlines of this revolutionNerds on Wall Street tells the tale of the ongoing technological transformation of the world's financial markets. The impact of technology on investing is profound, and author David Leinweber provides readers with an overview of where we were just a few short years ago, and where we are going. Being a successful investor today and tomorrow--individual or institutional--involves more than stock picking, asset allocation, or market timing: it involves technology. And Leinwebe
650 #4 - SUBJECT ADDED ENTRY--TOPICAL TERM
Topical term or geographic name entry element Investments --Computer network resources.
650 #4 - SUBJECT ADDED ENTRY--TOPICAL TERM
Topical term or geographic name entry element Wall Street (New York, N.Y.).
655 #0 - INDEX TERM--GENRE/FORM
Genre/form data or focus term Electronic books.
700 1# - ADDED ENTRY--PERSONAL NAME
Personal name Aronson, Theodore R.
856 40 - ELECTRONIC LOCATION AND ACCESS
Uniform Resource Identifier <a href="http://proxy.lib.chalmers.se/login?url=http://library.books24x7.com/library.asp?^B&bookid=29728">http://proxy.lib.chalmers.se/login?url=http://library.books24x7.com/library.asp?^B&bookid=29728</a>
856 40 - ELECTRONIC LOCATION AND ACCESS
Uniform Resource Identifier <a href="http://sfxeu10.hosted.exlibrisgroup.com/sfxjon/?url_ver=Z39.88-2004&ctx_ver=Z39.88-2004&ctx_enc=info:ofi/enc:UTF-8&rfr_id=info:sid/sfxit.com:opac_856&url_ctx_fmt=info:ofi/fmt:kev:mtx:ctx&sfx.ignore_date_threshold=1&rft.object_id=1000000000766995&svc_val_fmt=info:ofi/fmt:kev:mtx:sch_svc&">http://sfxeu10.hosted.exlibrisgroup.com/sfxjon/?url_ver=Z39.88-2004&ctx_ver=Z39.88-2004&ctx_enc=info:ofi/enc:UTF-8&rfr_id=info:sid/sfxit.com:opac_856&url_ctx_fmt=info:ofi/fmt:kev:mtx:ctx&sfx.ignore_date_threshold=1&rft.object_id=1000000000766995&svc_val_fmt=info:ofi/fmt:kev:mtx:sch_svc&</a>
856 40 - ELECTRONIC LOCATION AND ACCESS
Uniform Resource Identifier <a href="https://lt.ltag.bibl.liu.se/login?url=http://www.books24x7.com/marc.asp?bookid=29728">https://lt.ltag.bibl.liu.se/login?url=http://www.books24x7.com/marc.asp?bookid=29728</a>
942 ## - ADDED ENTRY ELEMENTS (KOHA)
Source of classification or shelving scheme
Koha item type Book
Holdings
Withdrawn status Lost status Source of classification or shelving scheme Damaged status Not for loan Collection code Permanent Location Current Location Date acquired Total Checkouts Full call number Barcode Date last seen Price effective from Koha item type
            Military College of Signals (MCS) Military College of Signals (MCS) 12/12/2016   332.64 MCSEB-1737 12/08/2016 12/12/2016 Book
© 2023 Central Library, National University of Sciences and Technology. All Rights Reserved.